000 00375pab a2200145 454500
008 180718b2017 xxu||||| |||| 00| 0 eng d
100 _aWilfred, Reny
245 _aSwachhathon: harnessing the creativity of millions for Swachh Bharat
260 _c2017
300 _ap.23-27.
362 _aOct
650 _aUrban development
773 _aKurukshetra
909 _a116180
999 _c116174
_d116174